02556nab a2200445 i 450000100060000000300080000600500170001400600190003100700150005000800410006502200140010603500220012004000310014205000210017308000080019408200120020210000410021424501610025526400470041631000180046333600310048133700330051233800430054536200100058852008610059858800830145958801040154265000310164665000280167765000290170565000190173465000310175365000280178465000280181265000250184065100200186565500320188577301310191785600620204831427FINmELB20241216220646.0m o d | cr cnu||||||||230918c20049999mx tr p o 0 0spa d a1870-3925 a(OCoLC)1399430727 aFINmELBbspaerdacFINmELB 4aHM51b.S268 2004 a31604a3012231 aSantés Álvarez, Ricardo,eautor.10aGobernación ambiental en México en el marco del TLCAN (1993-2003) :bel desafío de los residuos industriales peligrosos /cRicardo Santés Álvarez. 1aHermosillo :bEl Colegio de Sonora,c2004. aCuatrimestral atextobtxt2rdacontent/spa acomputadorabc2rdamedia/spa arecurso en líneabcr2rdacarrier/spa0 a1989- aLa gobernación ambiental es un tipo particular de gobernación en el cual los asuntos ambientales adquieren relevancia para la formulación de políticas públicas. La buena gobernación ambiental introduce una perspectiva de corresponsabilidad entre gobernante y gobernado, así como un compromiso para cuidar el ambiente. Este artículo examina la gobernación ambiental en México apoyándose en el caso del manejo de residuos peligrosos. Concluye que la gobernación ambiental en el país es aún ineficiente; por ello, propone transitar hacia niveles superiores, de buena gobernación, mediante la atención a tres desafíos: corresponsabilidad y compromiso con el cuidado ambiental, reforma al arregló institucional del ramo, y reflexión sobre el papel del conocimiento experto como superior al conocimiento de la gente común. aDescripción basada en metadatos suministrados por el editor y otras fuentes. aDescripción basada en Región y sociedad, vol. 16, no. 31 (septiembre-diciembre, 2004), P. 3-38. 4aAcceso a la información. 4aAnálisis de discurso. 4aGobernación ambiental. 4aGobernación. 4aParticipación pública. 4aPolíticas públicas. 4aRendición de cuentas. 4aResiduos peligrosos. 4aFrontera norte. 4aArtículos electrónicos.1 tRegión y sociedad.xISSN1870-3925dHermosillo : El Colegio de Sonora.gvol. 16, no. 31 (septiembre-diciembre, 2004), p. 3-3840uhttps://elibro.net/ereader/politecnicointernacional/26121